000 01101nam a2200241 i 4500
001 74728
003 ES-MaACL
005 20250928115812.0
007 t|
008 040920s1957 sp ||||1| spa d
100 1 _aGonzález Ruiz, Nicolás,
_d1897-1967
_958946
245 1 0 _aObra selecta /
_cNicolás González Ruiz ; prólogo de Gregrorio Marañón.
260 _aBarcelona :
_bLabor,
_c1957.
300 _aXIII, 501 p. ;
_c24 cm.
505 8 _aContiene: Biografías: Axel de Fersen, el romántico amor de Maria Antonieta ; La Caramba ; Catalina de Médicis ; Lucrecia Borgia . Novela: El polígamo inocente ; El regreso de las sombras . Teatro: Tríptico de la Pasión ; El precio de la victoria . Artículos y reportajes.
600 1 7 _aFersen, Hans Axel von,
_d1755-1810
_2
_9159703
600 0 4 _aMaría Antonia,
_cla Caramba,
_d1750-1787
_9172556
600 0 4 _aCatalina
_c, Reina consorte de Enrique II, Rey de Francia.
_937039
600 1 4 _aBorgia, Lucrezia.
_930479
700 1 _aMarañón, Gregorio,
_d1887-1960
_976311
852 _aES-MaACL
_jC-7788
999 _c74728
_d74728